La littérature de jeunesse (notice n° 1925169)
[ vue normale ]
| 000 -LEADER | |
|---|---|
| fixed length control field | 01125cam a2200145 4500500 |
| 005 - DATE AND TIME OF LATEST TRANSACTION | |
| control field | 20260329023149.0 |
| 041 ## - LANGUAGE CODE | |
| Language code of text/sound track or separate title | fre |
| 042 ## - AUTHENTICATION CODE | |
| Authentication code | dc |
| 100 10 - MAIN ENTRY--PERSONAL NAME | |
| Personal name | Marcoin, Francis |
| Relator term | author |
| 245 00 - TITLE STATEMENT | |
| Title | La littérature de jeunesse |
| 260 ## - PUBLICATION, DISTRIBUTION, ETC. | |
| Name of publisher, distributor, etc. | Armand Colin,<br/> |
| Date of publication, distribution, etc. | 2007.<br/> |
| 520 ## - SUMMARY, ETC. | |
| Summary, etc. | Cet ouvrage fournit les informations et clés de compréhension nécessaires pour aborder ce qui est à la fois un genre littéraire et un marché, aujourd'hui le deuxième de l'édition française. Alors qu'ils appartenaient au monde de l'éducation et des jouets, les livres pour la jeunesse relèvent en effet désormais de la littérature, c'est-à-dire d'une entreprise artistique visant à « faire œuvre », à renouveler continuellement les règles en vigueur et à les subvertir. De Télémaque de Fénelon (1699) à Harry Potter, de Rowling (2000), nous voici donc conviés à un voyage très révélateur quant à l'évolution des mœurs et au statut de la jeunesse ! |
| 700 10 - ADDED ENTRY--PERSONAL NAME | |
| Personal name | Chelebourg, Christian |
| Relator term | author |
| 856 41 - ELECTRONIC LOCATION AND ACCESS | |
| Uniform Resource Identifier | <a href="https://shs.cairn.info/la-litterature-de-jeunesse--9782200347161?lang=fr&redirect-ssocas=7080">https://shs.cairn.info/la-litterature-de-jeunesse--9782200347161?lang=fr&redirect-ssocas=7080</a> |
Pas d'exemplaire disponible.




Réseaux sociaux